000 00508nam a2200169Ia 4500
003 OSt
005 20200124162023.0
008 190216s9999||||xx |||||||||||||| ||und||
020 _a9788190655354
040 _coclc
082 _a332
_bJAI/M
100 _aJain, J N
_91023
245 0 _aModern Banking And Insurance Principles And Techniques /
_cJ N Jain ; R K Jain
260 _bRegal Publications,
_c2008.
_aNew Delhi:
300 _a403p
942 _cBK
_2ddc
_h332
_iJAI/M
_k332
_mJAI/M
999 _c11414
_d11414